| 000 | 00687nam a2200217Ia 4500 | ||
|---|---|---|---|
| 003 | OSt | ||
| 005 | 20251125153055.0 | ||
| 008 | 210716s1987 xx 000 0 und d | ||
| 040 | _cAIMIT LIBRARY | ||
| 041 | _aeng | ||
| 082 |
_a006.3 _22 _bNAYC |
||
| 100 |
_aNaylor, Chris. _9246803 |
||
| 245 |
_aBuild your own expert system : _bfor the ibm pc and compatibles / _cBy Chris Nylor. |
||
| 250 | _a2nd ed. | ||
| 260 |
_aNew Delhi : _bGalgotia Publication Pvt Ltd , _c1987. |
||
| 300 |
_aviii,218p. ; _bPB _c24.1 cm |
||
| 650 |
_aAvoiding probabilities _9246804 |
||
| 650 |
_aRunning for real _9246805 |
||
| 650 |
_aLarge scale expertsystems _9246806 |
||
| 942 |
_2ddc _cBK _e2nd _k006.3 NAYC |
||
| 999 |
_c181382 _d181382 |
||